zpět

Detail výsledku týmu

Hells Bells Beer Pub, Praha

Datum a čas kvízu

31.5 Celkem bodů Celkový počet nahraných bodů na tomto kvízu bez doplňovacích otázek.
7. Pořadí na kvízu Konečné umístění týmu na tomto kvízu.

Zaznamenané odpovědi

# Otázka Odpověď Body Výsledky
1. Do pražských ulic vyjela tramv... 0
2. Věznice ve městě Boram na seve... 0
3. Příběh o vášnivé lásce, sportu... 0
4. Známá společnost v úterý otevř... 1
5. Konec kariéry ohlásil minulý t... 1
6. Toto téma je dalším, které jst... 0
7. Erbenova Kytice obsahuje 13 bá... 1
5. Jak se jmenoval levicový uměle... 1
5. Velmi osobitou postavou české... 0
10. Ve šlépějích známého českého s... 1